000 00590nam a22001937a 4500
005 20251108175630.0
008 250721s1988 xx 000 0 ara d
082 1 4 _aم/928.1103/باب
100 1 _aبابتي، عزيزة فوال
245 1 0 _aمعجم الشعراء المخضرمين والأمويين /
264 1 _aبيروت :
_bدار صادر،
_c1988.
300 _a591ص.
650 1 7 _aالشعراء العرب
650 1 7 _aالقواميس
650 1 7 _aعصر صدر الاسلام
650 1 7 _aالعصر الاموي
942 _2ddc
_cREF
999 _c138723
_d138723